A Christmas story (Record no. 1184)

MARC details
000 -LEADER
fixed length control field 02270cgm a2200565Ia 4500
003 - CONTROL NUMBER IDENTIFIER
control field data
005 - DATE AND TIME OF LATEST TRANSACTION
control field 20260322212050.0
007 - PHYSICAL DESCRIPTION FIXED FIELD--GENERAL INFORMATION
fixed length control field data
008 - FIXED-LENGTH DATA ELEMENTS--GENERAL INFORMATION
fixed length control field data
020 ## - INTERNATIONAL STANDARD BOOK NUMBER
International Standard Book Number 1419847759
020 ## - INTERNATIONAL STANDARD BOOK NUMBER
International Standard Book Number 9781419847752
024 1# - OTHER STANDARD IDENTIFIER
Standard number or code 012569796287
028 40 - PUBLISHER OR DISTRIBUTOR NUMBER
Publisher or distributor number 79628
Source Turner Entertainment
040 ## - CATALOGING SOURCE
Original cataloging agency TDS
Transcribing agency TDS
Modifying agency RCS
-- IK2
-- RCS
041 1# - LANGUAGE CODE
Language code of text/sound track or separate title spa
-- fre
-- spa
Language code of original eng
050 14 - LIBRARY OF CONGRESS CALL NUMBER
Classification number PN1997
Item number .C47578637 2006
082 04 - DEWEY DECIMAL CLASSIFICATION NUMBER
Classification number 791.43/72
Edition information 22
090 ## - LOCALLY ASSIGNED LC-TYPE CALL NUMBER (OCLC); LOCAL CALL NUMBER (RLIN)
Classification number (OCLC) (R) ; Classification number, CALL (RLIN) (NR) DVD 758
001 - CONTROL NUMBER
control field data
245 12 - TITLE STATEMENT
Title A Christmas story
Medium [videorecording] /
Statement of responsibility, etc. Bob Clark ... [et al.].
250 ## - EDITION STATEMENT
Edition statement Full screen ver.
260 ## - PUBLICATION, DISTRIBUTION, ETC.
Place of publication, distribution, etc. Burbank, CA :
Name of publisher, distributor, etc. Warner Bros. Home Video [distributor],
-- Warner Bros. Home Video [distributor],
Date of publication, distribution, etc. [2006], c1983.
300 ## - PHYSICAL DESCRIPTION
Extent 1 videodisc (98 min.) :
Other physical details sd., col. ;
Dimensions 4 3/4 in.
500 ## - GENERAL NOTE
General note Videodisc release of the 1983 motion picture.
500 ## - GENERAL NOTE
General note Based on the novel: "In God We Trust, All Others Pay Cash" by Jean Shepherd.
500 ## - GENERAL NOTE
General note Special features: theatrical trailer.
511 1# - PARTICIPANT OR PERFORMER NOTE
Participant or performer note Melinda Dillon, Darren McGavin, Peter Billingsley.
520 ## - SUMMARY, ETC.
Summary, etc. A young boy must convince his parents that a toy rifle is the only Christmas gift that will make Christmas worthwhile. Not only do his parents face what many other parents do during that time of the year, but their actions fit in with the All-American Christmas.
538 ## - SYSTEM DETAILS NOTE
System details note DVD, region 1, full screen presentation; Dolby Digital mono.
546 ## - LANGUAGE NOTE
Language note English, French or Spanish dialogue with optional English, French or Spanish subtitles; closed-captioned.
650 #0 - SUBJECT ADDED ENTRY--TOPICAL TERM
Topical term or geographic name entry element Christmas plays.
650 #0 - SUBJECT ADDED ENTRY--TOPICAL TERM
Topical term or geographic name entry element Gifts
Form subdivision Drama.
650 #0 - SUBJECT ADDED ENTRY--TOPICAL TERM
Topical term or geographic name entry element Parents
Form subdivision Drama.
655 #0 - INDEX TERM--GENRE/FORM
Genre/form data or focus term Feature films.
655 #0 - INDEX TERM--GENRE/FORM
Genre/form data or focus term Comedy films.
655 #0 - INDEX TERM--GENRE/FORM
Genre/form data or focus term Christmas films.
655 #7 - INDEX TERM--GENRE/FORM
Genre/form data or focus term Comedy films.
Source of term gsafd.
655 #7 - INDEX TERM--GENRE/FORM
Genre/form data or focus term Comedy
Form subdivision Feature.
Source of term migfg.
700 1# - ADDED ENTRY--PERSONAL NAME
Personal name Clark, Bob,
Dates associated with a name 1941-2007.
700 1# - ADDED ENTRY--PERSONAL NAME
Personal name Brown, Leigh.
700 1# - ADDED ENTRY--PERSONAL NAME
Personal name Dupont, Rene.
700 1# - ADDED ENTRY--PERSONAL NAME
Personal name Dillon, Melinda,
Dates associated with a name 1939-
700 1# - ADDED ENTRY--PERSONAL NAME
Personal name McGavin, Darren,
Dates associated with a name 1922-2006.
700 1# - ADDED ENTRY--PERSONAL NAME
Personal name Billingsley, Peter.
700 1# - ADDED ENTRY--PERSONAL NAME
Personal name Shepherd, Jean.
Title of a work In God we trust, all others pay cash.
710 2# - ADDED ENTRY--CORPORATE NAME
Corporate name or jurisdiction name as entry element Metro-Goldwyn-Mayer.
710 2# - ADDED ENTRY--CORPORATE NAME
Corporate name or jurisdiction name as entry element Turner Entertainment Co.
710 2# - ADDED ENTRY--CORPORATE NAME
Corporate name or jurisdiction name as entry element Warner Home Video (Firm)
856 41 - ELECTRONIC LOCATION AND ACCESS
Uniform Resource Identifier <a href="https://irs.www.warnerbros.com/keyart-jpeg/christmas_story_keyart.jpg">https://irs.www.warnerbros.com/keyart-jpeg/christmas_story_keyart.jpg</a>
Holdings
Withdrawn status Lost status Damaged status Not for loan Home library Current library Shelving location Date acquired Total checkouts Full call number Barcode Date last seen Price effective from Koha item type
        Franklin Franklin General stacks 22/03/2026   791.43/72 22 BC0011223 22/03/2026 22/03/2026 Books